[Event "Gibtelecom Masters 2nd"]
[Site "Gibraltar"]
[Date "2004.01.27"]
[Round "1.30"]
[White "Osuna Vega, Enrique"]
[Black "Amaya Gonzalez, M."]
[Result "1/2-1/2"]
[WhiteElo "2209"]
[BlackElo "1920"]
[PlyCount "25"]
[EventDate "2004.01.27"]
[EventType "swiss"]
[EventRounds "10"]
[EventCountry "GGB"]
[SourceTitle "BritBase"]
[Source "www.saund.co.uk"]
[SourceDate "2018.02.10"]
[SourceVersion "1"]
[SourceVersionDate "2018.02.10"]
[SourceQuality "1"]

1. c4 Nf6 2. Nc3 g6 3. g3 Bg7 4. Bg2 O-O 5. d4 c5 6. Nf3 d5 7. cxd5 Nxd5 8. Qb3
Nxc3 9. bxc3 cxd4 10. cxd4 Nc6 11. e3 Qa5+ 12. Bd2 Qa6 13. Bf1 1/2-1/2

[Event "Gibtelecom Masters 2nd"]
[Site "Gibraltar"]
[Date "2004.01.27"]
[Round "1.31"]
[White "Cardenas Romo, Alejandro"]
[Black "Dunn, Andrew"]
[Result "0-1"]
[WhiteElo "1911"]
[BlackElo "2205"]
[PlyCount "38"]
[EventDate "2004.01.27"]
[EventType "swiss"]
[EventRounds "10"]
[EventCountry "GGB"]
[SourceTitle "BritBase"]
[Source "www.saund.co.uk"]
[SourceDate "2018.02.10"]
[SourceVersion "1"]
[SourceVersionDate "2018.02.10"]
[SourceQuality "1"]

1. e4 c6 2. d4 d5 3. exd5 cxd5 4. c4 Nf6 5. Nc3 g6 6. Nf3 Bg7 7. h3 O-O 8. Be2
Nc6 9. O-O Be6 10. cxd5 Nxd5 11. a3 h6 12. Re1 Rc8 13. Be3 Qd7 14. Qd2 Kh7 15.
Rac1 Nxc3 16. bxc3 Na5 17. Qb2 Nc4 18. Ne5 Qd5 19. Bf4 b6 0-1

[Event "Gibtelecom Masters 2nd"]
[Site "Gibraltar"]
[Date "2004.01.27"]
[Round "1.33"]
[White "Rios Gonzalez, Jose Antonio"]
[Black "Fellousi, Abdelaziz"]
[Result "1-0"]
[WhiteElo "1883"]
[BlackElo "2188"]
[PlyCount "117"]
[EventDate "2004.01.27"]
[EventType "swiss"]
[EventRounds "10"]
[EventCountry "GGB"]
[SourceTitle "BritBase"]
[Source "www.saund.co.uk"]
[SourceDate "2018.02.10"]
[SourceVersion "1"]
[SourceVersionDate "2018.02.10"]
[SourceQuality "1"]

1. d4 Nf6 2. c4 g6 3. Nc3 Bg7 4. e4 d6 5. f3 O-O 6. Be3 c5 7. Nge2 Qa5 8. Qd2
Nc6 9. h4 h5 10. d5 Ne5 11. Nf4 Qb4 12. Nb5 Qxd2+ 13. Kxd2 Bd7 14. Nc3 a6 15.
a4 Ne8 16. Be2 Nc7 17. Rab1 b5 18. b3 Rfb8 19. a5 bxc4 20. bxc4 Rb4 21. Rxb4
cxb4 22. Na2 b3 23. Nc3 Rb8 24. Bb6 Na8 25. c5 dxc5 26. Bxc5 Rc8 27. Bb4 Nc4+
28. Bxc4 Rxc4 29. Nd3 Nc7 30. Rb1 Bf6 31. g3 Nb5 32. Nxb5 Bxb5 33. Rxb3 Ba4 34.
Ra3 Bb5 35. Bc5 Kf8 36. Be3 Bd4 37. Bxd4 Rxd4 38. Ke3 Rc4 39. Ne5 Rc2 40. Kd4
Rg2 41. f4 Kg7 42. Nc6 Kf8 43. Rc3 Ra2 44. Kc5 Ke8 45. Kb6 Bf1 46. Nb8 Kd8 47.
Rb3 Ra4 48. e5 Bc4 49. Rb1 Bxd5 50. Nxa6 Ra3 51. Rd1 Rb3+ 52. Kc5 e6 53. Nb4
Rxg3 54. Nxd5 exd5 55. Kd6 Kc8 56. Ke7 Rg4 57. Rd4 Rxh4 58. Kxf7 Kb8 59. e6 1-0

[Event "Gibtelecom Masters 2nd"]
[Site "Gibraltar"]
[Date "2004.01.27"]
[Round "1.37"]
[White "White, Ian"]
[Black "Horton-Kitchlew, Andrew"]
[Result "1-0"]
[WhiteElo "2018"]
[BlackElo "2112"]
[PlyCount "121"]
[EventDate "2004.01.27"]
[EventType "swiss"]
[EventRounds "10"]
[EventCountry "GGB"]
[SourceTitle "BritBase"]
[Source "www.saund.co.uk"]
[SourceDate "2018.02.10"]
[SourceVersion "1"]
[SourceVersionDate "2018.02.10"]
[SourceQuality "1"]

1. e4 d6 2. d4 g6 3. Nc3 Bg7 4. Nf3 Bg4 5. Be2 Nc6 6. Be3 e5 7. d5 Nce7 8. Qd3
a6 9. Ng5 Bxe2 10. Nxe2 Nf6 11. f3 h6 12. Nh3 g5 13. Ng3 Qd7 14. Nf2 c6 15. c4
c5 16. a4 a5 17. Qb3 Qc7 18. Qb5+ Kf8 19. Ra3 Nd7 20. Rb3 b6 21. Nf5 Nxf5 22.
exf5 Ke7 23. Ne4 Rab8 24. O-O Rhe8 25. Bd2 Bf6 26. Re1 Kf8 27. h4 gxh4 28.
Bxh6+ Ke7 29. f4 Rg8 30. Bg5 Bxg5 31. fxg5 Rh8 32. f6+ Kd8 33. Qc6 Rg8 34. Qxd6
Qxd6 35. Nxd6 Kc7 36. Nxf7 Rbf8 37. Nxe5 Rxg5 38. Nxd7 Kxd7 39. Re7+ Kd8 40.
Rh7 Rxf6 41. Rxh4 Rfg6 42. Rh2 Re5 43. Rh8+ Kc7 44. Rf3 Rg7 45. Rhf8 Re1+ 46.
Rf1 Re2 47. R8f7+ Rxf7 48. Rxf7+ Kd6 49. Rf6+ Kc7 50. b3 Re4 51. Kf2 Rd4 52.
Rf3 b5 53. axb5 a4 54. bxa4 Rxc4 55. a5 Rc2+ 56. Kf1 Kd6 57. Ra3 Kc7 58. b6+
Kb8 59. d6 c4 60. a6 Rb2 61. d7 1-0

[Event "Gibtelecom Masters 2nd"]
[Site "Gibraltar"]
[Date "2004.01.28"]
[Round "2.2"]
[White "Chandler, Murray"]
[Black "Inarkiev, Ernesto"]
[Result "1/2-1/2"]
[WhiteElo "2508"]
[BlackElo "2606"]
[PlyCount "94"]
[EventDate "2004.01.27"]
[EventType "swiss"]
[EventRounds "10"]
[EventCountry "GGB"]
[SourceTitle "BritBase"]
[Source "www.saund.co.uk"]
[SourceDate "2018.02.10"]
[SourceVersion "1"]
[SourceVersionDate "2018.02.10"]
[SourceQuality "1"]

1. e4 c5 2. Nf3 Nc6 3. Bb5 g6 4. Bxc6 dxc6 5. d3 Bg7 6. h3 Nf6 7. Nc3 Nd7 8.
Be3 e5 9. Qd2 h6 10. Nh2 Qe7 11. O-O Nf8 12. f4 exf4 13. Rxf4 Ne6 14. Rf2 Nd4
15. Raf1 Be6 16. Ne2 Nxe2+ 17. Rxe2 O-O-O 18. b3 g5 19. Nf3 Rhf8 20. Qe1 b6 21.
Bd2 Kb7 22. Bc3 Bxc3 23. Qxc3 h5 24. Qe1 Rg8 25. Ne5 g4 26. hxg4 hxg4 27. Qg3
Rh8 28. Nc4 Rh5 29. e5 Rdh8 30. Nd6+ Ka8 31. Rf6 Qf8 32. c4 Qg7 33. Ne4 Qh7 34.
Kf2 Rd8 35. Nd6 Qg7 36. Qf4 Rh1 37. Re1 g3+ 38. Ke2 Rh2 39. Rg1 Kb8 40. Kd2 Qh7
41. Kc3 Rh1 42. Rxh1 Qxh1 43. Qf1 Qh4 44. Qf4 Qh1 45. Qf1 Qh4 46. Qf4 Qh1 47.
Qf1 Qh4 1/2-1/2

[Event "Gibtelecom Masters 2nd"]
[Site "Gibraltar"]
[Date "2004.01.28"]
[Round "2.3"]
[White "Del Rio de Angelis, Salvador Gabriel"]
[Black "Sulskis, Sarunas"]
[Result "1/2-1/2"]
[WhiteElo "2504"]
[BlackElo "2582"]
[PlyCount "51"]
[EventDate "2004.01.27"]
[EventType "swiss"]
[EventRounds "10"]
[EventCountry "GGB"]
[SourceTitle "BritBase"]
[Source "www.saund.co.uk"]
[SourceDate "2018.02.10"]
[SourceVersion "1"]
[SourceVersionDate "2018.02.10"]
[SourceQuality "1"]

1. e4 e5 2. Nf3 d6 3. d4 Qe7 4. Nc3 c6 5. Be2 g6 6. O-O Nd7 7. a4 Bh6 8. dxe5
dxe5 9. Nd2 Ngf6 10. b3 O-O 11. Ba3 Nc5 12. Nc4 b6 13. Qd6 Qxd6 14. Nxd6 Bd2
15. Nb1 Bh6 16. Bxc5 bxc5 17. Rd1 Rd8 18. Nc3 Be6 19. Bc4 Bf8 20. Bxe6 Bxd6 21.
Bc4 Bc7 22. f3 Kf8 23. Rxd8+ Rxd8 24. Rd1 Rd4 25. Rd3 h5 26. Ne2 1/2-1/2

[Event "Gibtelecom Masters 2nd"]
[Site "Gibraltar"]
[Date "2004.01.28"]
[Round "2.4"]
[White "Davies, Nigel"]
[Black "Kuzmin, Alexey"]
[Result "1/2-1/2"]
[WhiteElo "2502"]
[BlackElo "2570"]
[PlyCount "49"]
[EventDate "2004.01.27"]
[EventType "swiss"]
[EventRounds "10"]
[EventCountry "GGB"]
[SourceTitle "BritBase"]
[Source "www.saund.co.uk"]
[SourceDate "2018.02.10"]
[SourceVersion "1"]
[SourceVersionDate "2018.02.10"]
[SourceQuality "1"]

1. Nf3 Nf6 2. g3 g6 3. Bg2 Bg7 4. c4 O-O 5. O-O d6 6. d4 Nc6 7. Nc3 a6 8. b3
Rb8 9. Nd5 Nh5 10. Bb2 e6 11. Ne3 Bd7 12. Qd2 Ne7 13. Rac1 Bh6 14. Ne1 f5 15.
f4 g5 16. fxg5 Bxg5 17. Nf3 Bh6 18. Qc3 Ng6 19. Rce1 Qe7 20. Nd1 Nf6 21. Nf2
Ne4 22. Nxe4 fxe4 23. Nd2 d5 24. Rxf8+ Rxf8 25. Rf1 1/2-1/2

[Event "Gibtelecom Masters 2nd"]
[Site "Gibraltar"]
[Date "2004.01.28"]
[Round "2.5"]
[White "Wells, Peter K"]
[Black "Ganguly, Surya Shekhar"]
[Result "0-1"]
[WhiteElo "2493"]
[BlackElo "2541"]
[PlyCount "66"]
[EventDate "2004.01.27"]
[EventType "swiss"]
[EventRounds "10"]
[EventCountry "GGB"]
[SourceTitle "BritBase"]
[Source "www.saund.co.uk"]
[SourceDate "2018.02.10"]
[SourceVersion "1"]
[SourceVersionDate "2018.02.10"]
[SourceQuality "1"]

1. Nf3 c5 2. c4 Nc6 3. Nc3 e5 4. e3 Nf6 5. a3 d5 6. cxd5 Nxd5 7. Qc2 Nxc3 8.
dxc3 Be6 9. Bb5 Bd6 10. e4 Qb6 11. Qe2 O-O 12. Nd2 Be7 13. Bc4 Na5 14. Bxe6
Qxe6 15. O-O c4 16. Nf3 Nb3 17. Rb1 Nc5 18. Bg5 f6 19. Be3 Nxe4 20. Bxa7 Nxc3
21. bxc3 Rxa7 22. Nd4 Qf7 23. Nb5 Raa8 24. Qe4 Bc5 25. Rfd1 Rad8 26. g3 Rfe8
27. g4 g6 28. Kf1 Kh8 29. Ke2 Rd3 30. a4 f5 31. gxf5 gxf5 32. Qh4 f4 33. Rxd3
cxd3+ 0-1

[Event "Gibtelecom Masters 2nd"]
[Site "Gibraltar"]
[Date "2004.01.28"]
[Round "2.7"]
[White "Vijayalakshmi, Subbaraman"]
[Black "Sandipan, Chanda"]
[Result "0-1"]
[WhiteElo "2444"]
[BlackElo "2524"]
[PlyCount "66"]
[EventDate "2004.01.27"]
[EventType "swiss"]
[EventRounds "10"]
[EventCountry "GGB"]
[SourceTitle "BritBase"]
[Source "www.saund.co.uk"]
[SourceDate "2018.02.10"]
[SourceVersion "1"]
[SourceVersionDate "2018.02.10"]
[SourceQuality "1"]

1. e4 e5 2. Nf3 d6 3. d4 exd4 4. Nxd4 Nf6 5. Bd3 g6 6. O-O Bg7 7. Nc3 O-O 8.
Bg5 h6 9. Bh4 c5 10. Nb3 Be6 11. Nd5 Bxd5 12. exd5 Nbd7 13. f4 Qc7 14. c4 Rae8
15. a4 Ne4 16. f5 g5 17. Qc2 Nef6 18. Bg3 Nh5 19. Bf2 Nf4 20. Rad1 Ne5 21. Be4
Qd7 22. Be3 Nh5 23. Na5 Nf6 24. Bd3 Nfg4 25. Bc1 Nxd3 26. Qxd3 Bd4+ 27. Kh1
Nf2+ 28. Rxf2 Bxf2 29. Bd2 Re5 30. Rf1 Bd4 31. f6 Qg4 32. Rf3 Rfe8 33. Nxb7 Re2
0-1

[Event "Gibtelecom Masters 2nd"]
[Site "Gibraltar"]
[Date "2004.01.28"]
[Round "2.8"]
[White "Bellon Lopez, Juan Manuel"]
[Black "Lalic, Bogdan"]
[Result "1/2-1/2"]
[WhiteElo "2429"]
[BlackElo "2518"]
[PlyCount "30"]
[EventDate "2004.01.27"]
[EventType "swiss"]
[EventRounds "10"]
[EventCountry "GGB"]
[SourceTitle "BritBase"]
[Source "www.saund.co.uk"]
[SourceDate "2018.02.10"]
[SourceVersion "1"]
[SourceVersionDate "2018.02.10"]
[SourceQuality "1"]

1. d4 d5 2. Nf3 Nf6 3. c4 e6 4. Nc3 c6 5. Bg5 Nbd7 6. e3 Qa5 7. Nd2 Bb4 8. Qc2
O-O 9. a3 dxc4 10. Bxf6 Nxf6 11. Nxc4 Bxc3+ 12. bxc3 Qc7 13. Bd3 c5 14. O-O Rd8
15. a4 b6 1/2-1/2

[Event "Gibtelecom Masters 2nd"]
[Site "Gibraltar"]
[Date "2004.01.28"]
[Round "2.9"]
[White "Short, Nigel D"]
[Black "Muir, Andrew J"]
[Result "1-0"]
[WhiteElo "2702"]
[BlackElo "2303"]
[PlyCount "73"]
[EventDate "2004.01.27"]
[EventType "swiss"]
[EventRounds "10"]
[EventCountry "GGB"]
[SourceTitle "BritBase"]
[Source "www.saund.co.uk"]
[SourceDate "2018.02.10"]
[SourceVersion "1"]
[SourceVersionDate "2018.02.10"]
[SourceQuality "1"]

1. e4 c5 2. Nf3 Nc6 3. d4 cxd4 4. Nxd4 Nf6 5. Nc3 d6 6. Bg5 e6 7. Qd2 Be7 8.
O-O-O O-O 9. Nb3 Qb6 10. f3 a6 11. g4 Rd8 12. Be3 Qc7 13. g5 Nd7 14. h4 b5 15.
g6 fxg6 16. h5 gxh5 17. Rxh5 Nf6 18. Rh1 b4 19. Na4 Rb8 20. Qf2 Rf8 21. Qg1 Ne5
22. Be2 Bd7 23. Nb6 Rf7 24. f4 Ng6 25. Nxd7 Nxd7 26. Qh2 Ngf8 27. Nd4 Nc5 28.
Bc4 Rf6 29. f5 Nxe4 30. Bxe6+ Kh8 31. Rdg1 Bd8 32. Bd5 Nc5 33. Bg5 Rc8 34. Bxf6
Bxf6 35. Qxh7+ Nxh7 36. Rxh7+ Kxh7 37. Rh1+ 1-0

[Event "Gibtelecom Masters 2nd"]
[Site "Gibraltar"]
[Date "2004.01.28"]
[Round "2.10"]
[White "Meenakshi, Subbaraman"]
[Black "Hebden, Mark"]
[Result "0-1"]
[WhiteElo "2328"]
[BlackElo "2549"]
[PlyCount "86"]
[EventDate "2004.01.27"]
[EventType "swiss"]
[EventRounds "10"]
[EventCountry "GGB"]
[SourceTitle "BritBase"]
[Source "www.saund.co.uk"]
[SourceDate "2018.02.10"]
[SourceVersion "1"]
[SourceVersionDate "2018.02.10"]
[SourceQuality "1"]

1. d4 Nf6 2. c4 g6 3. Nf3 Bg7 4. g3 O-O 5. Bg2 d6 6. O-O Nc6 7. Nc3 Rb8 8. b3
Bg4 9. Bb2 Qd7 10. Nd5 Nxd5 11. cxd5 Nb4 12. e4 f5 13. h3 fxe4 14. hxg4 exf3
15. Bxf3 Nc2 16. Rc1 Nxd4 17. Bxd4 Bxd4 18. Rc4 Bb6 19. Kg2 e5 20. dxe6 Qe7 21.
g5 c6 22. Bg4 d5 23. Rc2 Qxg5 24. f4 Qe7 25. Qd3 Rbe8 26. Re2 Qf6 27. b4 Re7
28. a4 h5 29. Bh3 g5 30. g4 gxf4 31. gxh5 f3+ 32. Rxf3 Rg7+ 33. Rg3 Qf1+ 34.
Kh2 Rf2+ 35. Bg2 Qxe2 36. Rxg7+ Kxg7 37. Qg6+ Kf8 38. Qh6+ Ke7 39. Qg7+ Kxe6
40. Qg8+ Kd7 41. Qg7+ Kc8 42. Qg8+ Bd8 43. h6 Rxg2+ 0-1

[Event "Gibtelecom Masters 2nd"]
[Site "Gibraltar"]
[Date "2004.01.28"]
[Round "2.11"]
[White "Howell, David"]
[Black "Poluljahov, Aleks"]
[Result "1/2-1/2"]
[WhiteElo "2304"]
[BlackElo "2526"]
[PlyCount "60"]
[EventDate "2004.01.27"]
[EventType "swiss"]
[EventRounds "10"]
[EventCountry "GGB"]
[SourceTitle "BritBase"]
[Source "www.saund.co.uk"]
[SourceDate "2018.02.10"]
[SourceVersion "1"]
[SourceVersionDate "2018.02.10"]
[SourceQuality "1"]

1. e4 c5 2. Nf3 e6 3. c3 Nf6 4. e5 Nd5 5. d4 cxd4 6. cxd4 d6 7. Bc4 Nb6 8. Bd3
Nc6 9. O-O Nb4 10. Bg5 Be7 11. Bxe7 Qxe7 12. Nc3 Nxd3 13. Qxd3 O-O 14. Ne4 dxe5
15. dxe5 Bd7 16. Nd4 Rfd8 17. Rad1 Bc6 18. Nxc6 bxc6 19. Qc2 Rd5 20. f4 Rad8
21. Nd6 Rxd1 22. Rxd1 Nd5 23. Qf2 Qc7 24. Rc1 Rb8 25. g3 Nb4 26. Rc3 h6 27. Qc5
Nd5 28. Rc2 Nb4 29. Rc3 Nd5 30. Rc2 Nb4 1/2-1/2

[Event "Gibtelecom Masters 2nd"]
[Site "Gibraltar"]
[Date "2004.01.28"]
[Round "2.13"]
[White "Epishin, Vladimir"]
[Black "Upton, Timothy"]
[Result "1-0"]
[WhiteElo "2633"]
[BlackElo "2285"]
[PlyCount "61"]
[EventDate "2004.01.27"]
[EventType "swiss"]
[EventRounds "10"]
[EventCountry "GGB"]
[SourceTitle "BritBase"]
[Source "www.saund.co.uk"]
[SourceDate "2018.02.10"]
[SourceVersion "1"]
[SourceVersionDate "2018.02.10"]
[SourceQuality "1"]

1. d4 d5 2. c4 e6 3. Nf3 Nf6 4. Nc3 Be7 5. Bg5 O-O 6. e3 h6 7. Bh4 b6 8. Be2
Bb7 9. Bxf6 Bxf6 10. cxd5 exd5 11. b4 c6 12. O-O a5 13. b5 c5 14. Ne5 Bxe5 15.
dxe5 d4 16. exd4 cxd4 17. Na4 Qg5 18. Bg4 Qxe5 19. Nxb6 Ra7 20. Rb1 f5 21. Re1
Qf6 22. Qb3+ Kh8 23. Re6 Qf7 24. Be2 Nd7 25. Na4 Be4 26. Bc4 Qh5 27. Re1 Rc7
28. b6 Nc5 29. Qa3 Nxe6 30. bxc7 Qg6 31. f3 1-0

[Event "Gibtelecom Masters 2nd"]
[Site "Gibraltar"]
[Date "2004.01.28"]
[Round "2.14"]
[White "Dunn, Andrew"]
[Black "Pogorelov, Ruslan"]
[Result "1/2-1/2"]
[WhiteElo "2205"]
[BlackElo "2451"]
[PlyCount "82"]
[EventDate "2004.01.27"]
[EventType "swiss"]
[EventRounds "10"]
[EventCountry "GGB"]
[SourceTitle "BritBase"]
[Source "www.saund.co.uk"]
[SourceDate "2018.02.10"]
[SourceVersion "1"]
[SourceVersionDate "2018.02.10"]
[SourceQuality "1"]

1. Nf3 Nf6 2. e3 b6 3. d4 Bb7 4. Bd3 c5 5. O-O g6 6. c3 Bg7 7. Nbd2 d5 8. Ne5
O-O 9. f4 Ne4 10. Nxe4 dxe4 11. Bc4 cxd4 12. exd4 Bd5 13. Qb3 e6 14. Bxd5 Qxd5
15. Be3 f6 16. c4 Qd8 17. Ng4 Nc6 18. Rfd1 h5 19. Nf2 f5 20. d5 exd5 21. Rxd5
Qf6 22. Rb1 Rac8 23. c5 Na5 24. Qc2 bxc5 25. Rxc5 Qe6 26. b3 Nb7 27. Rc7 Nd6
28. Qc6 Rxc7 29. Qxc7 Nb5 30. Qc4 Qxc4 31. bxc4 Na3 32. Rb7 Nxc4 33. Bxa7 e3
34. Nd3 Rd8 35. Rb8 Rxb8 36. Bxb8 Bd4 37. Kf1 Nd2+ 38. Ke2 Ne4 39. Be5 Nc3+ 40.
Ke1 Bxe5 41. Nxe5 Nxa2 1/2-1/2

[Event "Gibtelecom Masters 2nd"]
[Site "Gibraltar"]
[Date "2004.01.28"]
[Round "2.17"]
[White "Barua, Dibyendu"]
[Black "Eliassen, Erik"]
[Result "1-0"]
[WhiteElo "2549"]
[BlackElo "1956"]
[PlyCount "37"]
[EventDate "2004.01.27"]
[EventType "swiss"]
[EventRounds "10"]
[EventCountry "GGB"]
[SourceTitle "BritBase"]
[Source "www.saund.co.uk"]
[SourceDate "2018.02.10"]
[SourceVersion "1"]
[SourceVersionDate "2018.02.10"]
[SourceQuality "1"]

1. e4 c5 2. Nf3 d6 3. d4 cxd4 4. Nxd4 Nf6 5. Nc3 g6 6. Be2 Bg7 7. O-O O-O 8.
Re1 Nc6 9. Nb3 Be6 10. Bg5 h6 11. Bh4 a6 12. Bf1 g5 13. Bg3 d5 14. Nc5 b6 15.
Nxe6 fxe6 16. e5 Nh7 17. Qg4 Rf5 18. Bd3 Nxe5 19. Bxe5 1-0

[Event "Gibtelecom Masters 2nd"]
[Site "Gibraltar"]
[Date "2004.01.28"]
[Round "2.18"]
[White "Rowson, Jonathan"]
[Black "Rios Gonzalez, Jose Antonio"]
[Result "1-0"]
[WhiteElo "2547"]
[BlackElo "1883"]
[PlyCount "59"]
[EventDate "2004.01.27"]
[EventType "swiss"]
[EventRounds "10"]
[EventCountry "GGB"]
[SourceTitle "BritBase"]
[Source "www.saund.co.uk"]
[SourceDate "2018.02.10"]
[SourceVersion "1"]
[SourceVersionDate "2018.02.10"]
[SourceQuality "1"]

1. d4 Nf6 2. c4 g6 3. Nc3 Bg7 4. e4 d6 5. f3 O-O 6. Nge2 c5 7. d5 Nbd7 8. Ng3
a6 9. a4 Rb8 10. Be2 Ne8 11. O-O Nc7 12. Bg5 Nf6 13. Qd2 Bd7 14. f4 b5 15. axb5
axb5 16. e5 Nfe8 17. Nce4 f6 18. Bh4 fxe5 19. fxe5 Rxf1+ 20. Rxf1 Bxe5 21. b4
cxb4 22. c5 dxc5 23. Qh6 Bg7 24. Qf4 Nf6 25. d6 Nce8 26. dxe7 Qb6 27. Nxf6+
Nxf6 28. Bxf6 Bxf6 29. Ne4 Bd4+ 30. Kh1 1-0

[Event "Gibtelecom Masters 2nd"]
[Site "Gibraltar"]
[Date "2004.01.28"]
[Round "2.21"]
[White "Ward, Chris"]
[Black "White, Ian"]
[Result "1-0"]
[WhiteElo "2522"]
[BlackElo "2018"]
[PlyCount "49"]
[EventDate "2004.01.27"]
[EventType "swiss"]
[EventRounds "10"]
[EventCountry "GGB"]
[SourceTitle "BritBase"]
[Source "www.saund.co.uk"]
[SourceDate "2018.02.10"]
[SourceVersion "1"]
[SourceVersionDate "2018.02.10"]
[SourceQuality "1"]

1. d4 Nf6 2. c4 g6 3. f3 d5 4. cxd5 Nxd5 5. e4 Nb6 6. Nc3 Bg7 7. Be3 Nc6 8. d5
Na5 9. Bd4 Bxd4 10. Qxd4 O-O 11. O-O-O c5 12. Qxc5 Nd7 13. Qd4 b6 14. Kb1 Nb7
15. h4 Qc7 16. h5 Qe5 17. hxg6 hxg6 18. Qd2 Qg7 19. Nh3 Nf6 20. Ng5 Nh5 21. g4
Ng3 22. Rh3 Nxf1 23. Rxf1 Qe5 24. Rfh1 e6 25. f4 1-0

[Event "Gibtelecom Masters 2nd"]
[Site "Gibraltar"]
[Date "2004.01.28"]
[Round "2.26"]
[White "Cramling, Pia"]
[Black "Osuna Vega, Enrique"]
[Result "1-0"]
[WhiteElo "2488"]
[BlackElo "2209"]
[PlyCount "55"]
[EventDate "2004.01.27"]
[EventType "swiss"]
[EventRounds "10"]
[EventCountry "GGB"]
[SourceTitle "BritBase"]
[Source "www.saund.co.uk"]
[SourceDate "2018.02.10"]
[SourceVersion "1"]
[SourceVersionDate "2018.02.10"]
[SourceQuality "1"]

1. d4 Nf6 2. Nf3 d6 3. c4 Nbd7 4. Nc3 e5 5. e4 Be7 6. Be2 O-O 7. O-O c6 8. Re1
Re8 9. Bf1 Qc7 10. a3 Nf8 11. h3 h6 12. Be3 g5 13. Nh2 Ng6 14. Ng4 Kh7 15. Rc1
Nf4 16. g3 Ng6 17. Rc2 Kg7 18. b4 Rh8 19. Nxf6 Bxf6 20. d5 Be7 21. c5 Qb8 22.
Rd2 cxd5 23. Nxd5 Bf8 24. f4 gxf4 25. gxf4 Be6 26. Rg2 Bxd5 27. Qxd5 exf4 28.
Bd4+ 1-0

[Event "Gibtelecom Masters 2nd"]
[Site "Gibraltar"]
[Date "2004.01.28"]
[Round "2.27"]
[White "Shaw, John K"]
[Black "Harstad, Christian"]
[Result "1/2-1/2"]
[WhiteElo "2465"]
[BlackElo "2113"]
[PlyCount "73"]
[EventDate "2004.01.27"]
[EventType "swiss"]
[EventRounds "10"]
[EventCountry "GGB"]
[SourceTitle "BritBase"]
[Source "www.saund.co.uk"]
[SourceDate "2018.02.10"]
[SourceVersion "1"]
[SourceVersionDate "2018.02.10"]
[SourceQuality "1"]

1. e4 e5 2. Nf3 Nc6 3. Bb5 a6 4. Bxc6 dxc6 5. O-O Bg4 6. h3 h5 7. c3 Qd3 8. Re1
Bxf3 9. Qxf3 Qxf3 10. gxf3 O-O-O 11. Kf1 Ne7 12. Ke2 Ng6 13. d3 Be7 14. Be3 c5
15. Rg1 Rd7 16. Na3 Rhd8 17. Rad1 b5 18. Nc2 Kb7 19. a3 a5 20. a4 b4 21. Na1 c4
22. dxc4 Rxd1 23. Rxd1 Rxd1 24. Kxd1 bxc3 25. bxc3 c5 26. Nb3 Kb6 27. Ke2 Bd6
28. Nc1 Nf8 29. Nd3 Ne6 30. f4 exf4 31. e5 fxe3 32. exd6 exf2 33. Kxf2 Kc6 34.
Ne5+ Kxd6 35. Nxf7+ Ke7 36. Ne5 Kd6 37. Nf7+ 1/2-1/2

[Event "Gibtelecom Masters 2nd"]
[Site "Gibraltar"]
[Date "2004.01.28"]
[Round "2.28"]
[White "Womacka, Mathias"]
[Black "Eckhardt, Lars"]
[Result "1-0"]
[WhiteElo "2447"]
[BlackElo "2096"]
[PlyCount "55"]
[EventDate "2004.01.27"]
[EventType "swiss"]
[EventRounds "10"]
[EventCountry "GGB"]
[SourceTitle "BritBase"]
[Source "www.saund.co.uk"]
[SourceDate "2018.02.10"]
[SourceVersion "1"]
[SourceVersionDate "2018.02.10"]
[SourceQuality "1"]

1. e4 c5 2. Nf3 Nc6 3. d4 cxd4 4. Nxd4 Nf6 5. Nc3 e5 6. Ndb5 d6 7. Bg5 a6 8.
Na3 b5 9. Nd5 Qa5+ 10. Bd2 Qd8 11. Nxf6+ Qxf6 12. Bd3 Qg6 13. O-O Rb8 14. c4
Nd4 15. Kh1 Be7 16. cxb5 axb5 17. Be3 b4 18. Nc4 O-O 19. f4 f5 20. fxe5 fxe4
21. exd6 exd3 22. dxe7 Rxf1+ 23. Qxf1 Ne6 24. Qxd3 Qe8 25. Qd6 Rb7 26. Nb6 Rxe7
27. Nxc8 Rd7 28. Qe5 1-0

[Event "Gibtelecom Masters 2nd"]
[Site "Gibraltar"]
[Date "2004.01.28"]
[Round "2.29"]
[White "Heyl, Thomas"]
[Black "Contin, Daniel"]
[Result "0-1"]
[WhiteElo "2059"]
[BlackElo "2394"]
[PlyCount "76"]
[EventDate "2004.01.27"]
[EventType "swiss"]
[EventRounds "10"]
[EventCountry "GGB"]
[SourceTitle "BritBase"]
[Source "www.saund.co.uk"]
[SourceDate "2018.02.10"]
[SourceVersion "1"]
[SourceVersionDate "2018.02.10"]
[SourceQuality "1"]

1. d4 Nf6 2. Nf3 b6 3. Bg5 e6 4. Nbd2 Bb7 5. Bxf6 Qxf6 6. e4 c5 7. c3 cxd4 8.
cxd4 Nc6 9. Nb1 g5 10. h3 h5 11. Nc3 g4 12. e5 Qg7 13. Ng1 g3 14. f4 f6 15. Nf3
fxe5 16. fxe5 Bb4 17. Be2 O-O 18. Qd2 Rac8 19. Rc1 d6 20. a3 Bxc3 21. Rxc3 dxe5
22. dxe5 Nxe5 23. Rxc8 Rxc8 24. O-O Bxf3 25. Bxf3 Nc4 26. Qe2 Qd4+ 27. Kh1 Ne3
28. Re1 Rc5 29. b4 Re5 30. Qa2 Ng4 31. Rxe5 Nf2+ 32. Kg1 Nxh3+ 33. Kf1 Qg1+ 34.
Ke2 Qf2+ 35. Kd3 Qxa2 36. gxh3 Qxa3+ 37. Ke4 Qxb4+ 38. Ke3 Qc3+ 0-1

[Event "Gibtelecom Masters 2nd"]
[Site "Gibraltar"]
[Date "2004.01.28"]
[Round "2.30"]
[White "Amaya Gonzalez, M."]
[Black "Wippermann, Till"]
[Result "0-1"]
[WhiteElo "1920"]
[BlackElo "2353"]
[PlyCount "84"]
[EventDate "2004.01.27"]
[EventType "swiss"]
[EventRounds "10"]
[EventCountry "GGB"]
[SourceTitle "BritBase"]
[Source "www.saund.co.uk"]
[SourceDate "2018.02.10"]
[SourceVersion "1"]
[SourceVersionDate "2018.02.10"]
[SourceQuality "1"]

1. e4 c5 2. Nf3 d6 3. d4 cxd4 4. Nxd4 Nf6 5. Nc3 g6 6. Bc4 Bg7 7. f3 Nc6 8. Be3
O-O 9. Qd2 Bd7 10. O-O-O Qa5 11. h4 Rfc8 12. Bb3 Ne5 13. Nd5 Qxd2+ 14. Rxd2
Nxd5 15. Bxd5 Nc4 16. Bxc4 Rxc4 17. b3 Rc7 18. Ne2 b5 19. h5 Rac8 20. hxg6 hxg6
21. Bd4 e5 22. Be3 d5 23. Rxd5 Rxc2+ 24. Kd1 Be6 25. Rd8+ Bf8 26. Rxc8 Rxc8 27.
Nc1 a5 28. Re1 a4 29. Re2 axb3 30. axb3 Rc3 31. Bd2 Rc6 32. Be3 Rc3 33. Bd2 Rc8
34. Be3 Ba3 35. Rc2 Rd8+ 36. Rd2 Ra8 37. b4 Bc4 38. Bc5 Kg7 39. Ne2 Rh8 40. f4
Rh1+ 41. Kc2 Re1 42. Be3 Bxb4 0-1